Webster's new complete thesaurus : created in cooperation with the editors of Merriam-Webster (Record no. 36996)

MARC details
000 -LEADER
fixed length control field 00471nam a2200169Ia 4500
020 ## - INTERNATIONAL STANDARD BOOK NUMBER
ISBN 083171543X
050 ## - CALL MARK
Classification number PE 1591 .W42/
245 #0 - TITLE STATEMENT
Title Webster's new complete thesaurus : created in cooperation with the editors of Merriam-Webster
260 ## - PUBLICATION, DISTRIBUTION, ETC. (IMPRINT)
Place of publication New York
260 ## - PUBLICATION, DISTRIBUTION, ETC. (IMPRINT)
Name of publisher Smithmark
260 ## - PUBLICATION, DISTRIBUTION, ETC. (IMPRINT)
Year of publication 1995
300 ## - PHYSICAL DESCRIPTION
Number of Pages 638 p
650 ## - SUBJECT ADDED ENTRY--TOPICAL TERM
Topical Term English language_Synonyms and anatomy
942 ## - ADDED ENTRY ELEMENTS (KOHA)
Koha item type Books
Holdings
Withdrawn status Lost status Source of classification or shelving scheme Damaged status Not for loan Permanent Location Current Location Date acquired Accession Number Price effective from Koha item type
    Library of Congress Classification     NILE UNIVERSITY OF NIGERIA - MAIN LIBRARY NILE UNIVERSITY OF NIGERIA - MAIN LIBRARY 04/23/2025 0004196 04/23/2025 Books